| 000 | 00740nas a2200229 4500 | ||
|---|---|---|---|
| 001 | BR7601797 | ||
| 003 | BR-BrBNA | ||
| 005 | 20231205082939.0 | ||
| 007 | ta | ||
| 008 | 230509b bl.|||p| |||| 00| 00por d | ||
| 040 |
_aBR-BrBNA _bpor _cBiblioteca Nacional de Agricultura |
||
| 041 | _a(Pt) | ||
| 072 | _aL73 | ||
| 100 | 1 | _aOliveira, N.L.H. | |
| 245 | 1 | _aConsideracoes acerca do emprego do calor umido sobre a viabilidade de Cysticercus cellulosae [suino, Cisticercose, Brasil] | |
| 650 | _aSUÍNO | ||
| 650 | _aCISTICERCOSE | ||
| 650 | _aBAHIA | ||
| 773 | 0 |
_tBoletim do Instituto Biologico da Bahia (Brazil) _xISSN 0020-3661 _g(1976), v. 15(1) p. 54-62 _wBR7601797 |
|
| 909 |
_a202311 _bLúcia _c55 _dLúcia Elande |
||
| 942 |
_2AGRIS _n0 _cANA |
||
| 999 |
_c95308 _d95308 |
||